LEGO Monster Fighters: Minifigures by Picture - Statistics

General Stats
  • This quiz has been taken 14 times
  • The average score is 4 of 6
Answer Stats
Picture Answer % Correct
Lord Vampyre
100%
Frank Rock
60%
Jack McHammer
60%
Ann Lee
50%
Dr. Rodney Rathbone
50%
Major Quinton Steele
50%
No matching quizzes found
Score Distribution
Percent of People with Each Score
Percentile by Number Answered
Your Score History
You have not taken this quiz